Differential calculus (Record no. 63970)

000 -LEADER
fixed length control field 00408nam a22001697a 4500
003 - CONTROL NUMBER IDENTIFIER
control field NUST - PNEC
005 - DATE AND TIME OF LATEST TRANSACTION
control field 20170116180829.0
008 - FIXED-LENGTH DATA ELEMENTS--GENERAL INFORMATION
fixed length control field 150729b xxu||||| |||| 00| 0 eng d
020 ## - INTERNATIONAL STANDARD BOOK NUMBER
International Standard Book Number -
040 ## - CATALOGING SOURCE
Transcribing agency LIBRARY
082 ## - DEWEY DECIMAL CLASSIFICATION NUMBER
Classification number 515.3 NAR
100 ## - MAIN ENTRY--PERSONAL NAME
9 (RLIN) 4526
Personal name Narayan, Shanti
245 ## - TITLE STATEMENT
Title Differential calculus
Statement of responsibility, etc. Shanti Narayan
260 ## - PUBLICATION, DISTRIBUTION, ETC.
Date of publication, distribution, etc. c.1985
650 ## - SUBJECT ADDED ENTRY--TOPICAL TERM
9 (RLIN) 4527
Topical term or geographic name entry element Calculus
General subdivision ME / MIS
942 ## - ADDED ENTRY ELEMENTS (KOHA)
Source of classification or shelving scheme
Koha item type Book
Holdings
Withdrawn status Lost status Source of classification or shelving scheme Damaged status Not for loan Permanent Location Current Location Shelving location Date acquired Total Checkouts Full call number Barcode Date last seen Price effective from Koha item type
          Pakistan Navy Engineering College (PNEC) Pakistan Navy Engineering College (PNEC)       515.3 NAR PNECLIB-010445 07/29/2015   Book
© 2023 Central Library, National University of Sciences and Technology. All Rights Reserved.